Quizzes
Events
Quiz Creation
Community
Videos
Private Events
Remove Ads
Sign In
Join for FREE
Feedback
Dark Mode
Quiz Categories
Sports
Geography
Music
Movies
Television
Just For Fun
Miscellaneous
History
Literature
Language
Science
Gaming
Entertainment
Religion
Holiday
For Kids
Quiz Lab
Recent
Popular Today
Quiz Kudos Today
Editor Picks
Curator Picks
Quizzes by...
Day
Popularity
Type
Ratings
Length
Year
Community
Subscriptions
Recent Discussions
Orange Saloon
Badges
Playlists
Quests
Create
Leaderboards
Showdown
Live 5
Trivia Bingo
Activity
Puzzle Library
Sporcle Events
Private Events
Virtual Trivia
Globe League
Become a Host
Pub Owners
SporcleCon
Opinionation
Our Games
Videos
Blog
Mobile Apps
Partnerships
Remove Ads and Go Orange
Feedback
Sports
Athletes
MLB
NBA
NHL
NFL
Soccer
Sports Teams
WWE
NCAA
Football
Premier League
Basketball
Baseball
Hockey
Golf
Tennis
Cricket
Rugby
Auto Racing
Olympics
World Cup
Sports
Athletes
MLB
NBA
NHL
NFL
Soccer
Sports Teams
WWE
NCAA
Football
Premier League
Basketball
Baseball
Hockey
Golf
Tennis
Cricket
Rugby
Auto Racing
Olympics
World Cup
Random Quiz
Search Sporcle
×
Quiz Lab
Quiz Lab
Sports
Premier League
Type in answers that appear in a list
Type in answers that appear in a list
Classic
Best Score? Go Orange.
Premier League First Team Goal Keepers Stats
Can you name the first team Premier League goal keepers for 2009-2010?
By
katie_b
10m
57 Questions
378 Plays
378 Plays
378 Plays
Comments
Comments
Give Quiz Kudos
Give Quiz Kudos
-
- Ratings
hide this ad
Replay
Link that replays current quiz
Next Quiz
Link to next quiz in quiz playlist
You Got
0%
They Got
Avg Score
42%
Avg Friend Score
Upgrade to see
Score Distribution
Jump to the score distribution portion of the page
Score
0/57
Timer
10:00
0
Plays Today
Premier League Team
Player
% Correct
Chelsea
Petr Cech
91.3%
Manchester United
Edwin van der Sar
90.7%
Liverpool
Pepe Reina
86.2%
Arsenal
Manuel Almunia
84.4%
Aston Villa
Brad Friedel
84.1%
Everton
Tim Howard
82.8%
Blackburn
Paul Robinson
81.2%
Portsmouth
David James
81%
Birmingham City
Joe Hart
80.2%
Manchester City
Shay Given
79.9%
Manchester United
Ben Foster
77.8%
West Ham
Robert Green
73.8%
Tottenham
Heurelho Gomes
73.5%
Tottenham
Carlo Cudicini
69.6%
Arsenal
Lukasz Fabianski
68%
Fulham
Mark Schwarzer
65.6%
Stoke
Thomas Sorensen
62.7%
Chelsea
Henrique Hilario
60.8%
Wigan
Chris Kirkland
57.7%
Bolton
Jussi Jaaskelainen
57.1%
Sunderland
Craig Gordon
54.8%
Birmingham City
Maik Taylor
52.1%
Manchester City
Stuart Taylor
51.3%
Aston Villa
Brad Guzan
50%
Arsenal
Vito Mannone
49.5%
Burnley
Brian Jensen
48.4%
Hull
Boaz Myhill
47.6%
Bolton
Ali Al Habsi
44.7%
Chelsea
Ross Turnbull
40.5%
Premier League Team
Player
% Correct
Wolves
Wayne Hennessey
38.9%
Manchester United
Tomasz Kuszczak
36.2%
Wolves
Marcus Hahnemann
28%
Liverpool
Diego Cavalieri
26.2%
Stoke
Steve Simonsen
25.4%
Sunderland
Trevor Carson
25.4%
Sunderland
Marton Fulop
25.1%
Blackburn
Jason Brown
24.6%
Portsmouth
Jamie Ashdown
23.5%
Wigan
Mike Pollitt
22.5%
Hull
Matt Duke
20.1%
Tottenham
Ben Alnwick
18.3%
Portsmouth
Antti Niemi
17.2%
Bolton
Adam Bogdan
16.7%
Everton
Carlo Nash
16.7%
Fulham
David Stockdale
15.6%
Birmingham City
Colin Doyle
14.3%
Everton
Iain Turner
13.2%
Wolves
Matt Murray
12.7%
Aston Villa
Andy Marshall
12.2%
Wigan
Richard Kingson
11.9%
Burnley
Diego Penny
10.6%
Hull
Tony Warner
10.6%
Liverpool
Peter Gulacsi
9.3%
Fulham
Pascal Zuberbuhler
8.5%
West Ham
Marek Stech
6.3%
West Ham
Peter Kurucz
5%
Burnley
Jonathan Lund
0.5%
Quiz Playlist
Details
Report
Send in Message
Add To Playlist
Classic:
Type in answers that appear in a list
Last Updated: Feb 16, 2017
Quiz Scoreboard
CHALLENGE
Sign Up to Join the Scoreboard
Show All
Scores
Hide
Comments
May contain spoilers
Recently Published
An Introduction to Baseball
by treessimontrees
Sports
5m
Movies - When Are They Set?
by FPL_Elf
Movies
5m
Popular People in 1961
by mucciniale
History
6m
More to Explore
Quiz From the Vault
Featured Blog Post
Where Did the Easter Bunny Come From?
hide this ad
You Might Also Like...
Tags
Premier League Quiz
Soccer Quiz
2009-2010
goal
Keeper
League
Player
Premier
team
Today's Top Quizzes in Sports
Browse Sports
hide this ad
Today's Top Quizzes in Premier League
Browse Premier League
Top Contributed Quizzes in Sports
1
Les meilleurs buteurs des matchs entre le PSG et l’OM
2
2022 World Cup Stars
3
FIFA Club World Cup Champions
4
Les entraîneurs de l'OM et du PSG au 21e siècle
5
Name the Premier League winners with different clubs
6
La finale Lions - Afrique du Sud 2021
7
Les joueurs passés par le LOSC et le RC Lens
8
Criteria MLB: Left Handed Sluggers
9
Players with Multiple 50 Home Run Seasons
10
5-to-1: UK Sports Teams
Explore More
Trending Topics
Crossword
Harry Potter
Marvel
Kpop
Disney
Anime
NBA
WWE
Pokémon
Puzzle
The Office
Soccer
Country
NFL
Song
hide this ad
More By:
katie_b
Quiz
Plays
Rating
Category
Featured
Created
Premier League 1st Team Forwards 2009/10
3,941
4.20
Sports
Oct 21, 2009
Premier League First Team Goal Keepers
378
4.00
Sports
Oct 20, 2009
Go to Creator's Profile
Score Distribution
Quiz Creator Spotlight
katie_b
Follow
Send a Message
Quizzes Created
-
Created Quiz Play Count
-
More By This Creator
Popular Quizzes Today
1
Find the Countries of Europe - No Outlines Minefield
2
Find the US States - No Outlines Minefield
3
The Countries of the World
4
Popular People in 1961
5
Find the US States
6
US States
7
1-10 Letter E Words III
8
Risky Map Clicking: Biggest States A-Z
More Sports Quizzes
First XI: Antonio Rüdiger
Quiz Lab
Trending Quizzes
Risky Map Clicking: Least Populous States A-Z
1-10 Letter F Words
1-10 Letter G Words
Not Quite an Element Typing Challenge
One Thing in Common: United Kingdom
Recently Updated
Leaping Animals
pecheneg
Reality TV Shows (A-Z)
bhenderson79
Rickey Henderson's Hall of Fame Teammates
pecheneg
Champions League XIs: Arsenal
pecheneg
Quick Pick: Celebrities in WWE's Hall of Fame
aduchscher
A-Z Keypad Blitz II
pecheneg
Multiple Oscar Actors
pecheneg
Mystery Phrase Blitz: Oscar 'Best Actors'
pecheneg
F. Scott Fitzgerald Novels
LTH
Pick 3 Villains
ddd62291
Trending Topics
Anime
Harry Potter
Marvel
NBA
Disney
Crossword
Kpop
Country
Puzzle
WWE
Song
Pokémon
NFL
The Office
Soccer
Your Account Isn't Verified!
In order to create a playlist on Sporcle, you need to verify the email address you used during registration. Go to your
Sporcle Settings
to finish the process.
Report this User
Report this user for behavior that violates our
Community Guidelines
.
Details:
Send Report
Go to the Sporcle.com Mobile Site →
Comments